Управление изменениями в высшей школе: монография

Bibliografiske detaljer
Corporate Authors: Российская академия наук (РАН) Институт проблем управления им. В. А. Трапезникова (ИПУ), Пензенский государственный университет архитектуры и строительства (ПГУАС)
Andre forfattere: Нижегородцев Р. М. (редактор), Резник С. Д.
Summary:Монография посвящена анализу состояния и тенденциям развития российских университетов. В первом разделе рассмотрены общие проблемы развития российских университетов, во втором — управление изменениями управленческого и педагогического потенциала высшей школы, в третьем — изменения в студенческой среде университетов. Книга адресована специалистам, исследующим проблемы рынка труда и рынка образовательных услуг, а также представит интерес для магистрантов, аспирантов и докторантов вузов и научно-исследовательских институтов.
Sprog:russisk
Udgivet: Москва, Инфра-М, 2019
Serier:Научная мысль
Менеджмент
Fag:
Format: MixedMaterials Bog
KOHA link:https://koha.lib.tpu.ru/cgi-bin/koha/opac-detail.pl?biblionumber=343625

MARC

LEADER 00000nam0a2200000 4500
001 343625
005 20231101034144.0
010 |a 9785160139371 
035 |a (RuTPU)RU\TPU\book\374035 
090 |a 343625 
100 |a 20191010d2019 k y0rusy50 ca 
101 0 |a rus 
102 |a RU 
105 |a y z 001zy 
200 1 |a Управление изменениями в высшей школе  |e монография  |f Российская академия наук (РАН), Институт проблем управления им. В. А. Трапезникова (ИПУ) ; Пензенский государственный университет архитектуры и строительства (ПГУАС) ; под ред. Р. М. Нижегородцева, С. Д. Резника 
210 |a Москва  |c Инфра-М  |d 2019 
215 |a 388 с. 
225 1 |a Научная мысль 
225 1 |a Менеджмент 
320 |a Библиогр.: с. 348-374 
330 |a Монография посвящена анализу состояния и тенденциям развития российских университетов. В первом разделе рассмотрены общие проблемы развития российских университетов, во втором — управление изменениями управленческого и педагогического потенциала высшей школы, в третьем — изменения в студенческой среде университетов. Книга адресована специалистам, исследующим проблемы рынка труда и рынка образовательных услуг, а также представит интерес для магистрантов, аспирантов и докторантов вузов и научно-исследовательских институтов. 
606 1 |a Высшие учебные заведения  |x Управление  |2 stltpush  |3 (RuTPU)RU\TPU\subj\4008 
610 1 |a высшее образование 
610 1 |a высшая школа 
610 1 |a университеты 
610 1 |a Россия 
610 1 |a управленческий потенциал 
610 1 |a менеджмент 
610 1 |a компетенции 
610 1 |a инновационная деятельность 
610 1 |a оценка 
610 1 |a реформирование 
610 1 |a организационная культура 
610 1 |a менеджеры 
610 1 |a вузы 
610 1 |a женщины 
610 1 |a изменения 
610 1 |a студенты 
610 1 |a студенчество 
610 1 |a управленцы 
610 1 |a образовательный процесс 
610 1 |a жизненные приоритеты 
610 1 |a аспиранты 
610 1 |a выпускники 
610 1 |a заработная плата 
610 1 |a статистический анализ 
610 1 |a моделирование приложений 
610 1 |a монографии 
686 |a Ч484(2)к  |v LBC/SL-A  |2 rubbk 
702 1 |a Нижегородцев  |b Р. М.  |4 340 
702 1 |a Резник  |b С. Д.  |4 340 
712 0 2 |a Российская академия наук (РАН)  |b Институт проблем управления им. В. А. Трапезникова (ИПУ)  |c (Москва)  |2 stltpush  |3 (RuTPU)RU\TPU\col\257 
712 0 2 |a Пензенский государственный университет архитектуры и строительства (ПГУАС)  |c (2003- )  |2 stltpush  |3 (RuTPU)RU\TPU\col\5832 
801 1 |a RU  |b 63413507  |c 20191010 
801 2 |a RU  |b 63413507  |c 20191114  |g RCR 
942 |c BK 
959 |a 13/20191008  |d 1  |e 1354,29  |f ЧЗГЛ:1